000 01296nam a22002177a 4500
999 _c57631
_d57631
003 Ge_BSU
005 20220322112545.0
008 200819s2006 ge ||||| |||| 00| 0 geo d
020 _a9994080776
041 _ageo
080 _a005.35+351.712+346.26+334.75 ჭ-24
100 _aჭანტურია, ლადო.
_99268
245 _aკორპორაციული მართვა და ხელმძღვანელთა პასუხისმგებლობა საკორპორაციო სამართალში = Corporate Governance und Leiterhaftung im Gesellschaftsrecht /
_cლადო ჭანტურია ; [რედ. ნ. ელიზბარაშვილი].
264 _aთბ. :
_b [სამართალი],
_c2006.
300 _a 527გვ. ;
_b21სმ.
504 _aბიბლიოგრ. ტექსტ. შენიშვნ. და გვ. 486-527.
653 _a კორპორაციული მართვა
653 _a ხელმძღვანელთა პასუხისმგებლობა საკოპორაციო სამართალში
700 _aელიზბარაშვილი, ნ.
_eრედაქტორი
_92822
942 _2udc
_cBK